000 00632nam a2200217 i 4500
001 16555
003 ES-MaACL
005 20230906151341.0
007 t|
008 001017s1999 sp ||||0| spa j
020 _a84-88020-21-X
040 _aM-BN
_bspa
_cM-BN
080 _a821.133.1-84"19"
100 1 _aChar, René.
_938053
245 1 0 _aIndagación de la base y de la cima /
_cRené Char ; edición, traducción y notas de Jorge Riechmann.
260 _aMadrid :
_bArdora,
_c1999.
300 _a285 p. ;
_c19 cm.
700 1 _aRiechmann, Jorge.
_997073
852 _aES-MaACL
_jL-23785
_bR.128473
999 _c16555
_d16555